[Event "Hyderabad Slan op 1st"]
[Site "Hyderabad"]
[Date "2023.07.21"]
[Round "1"]
[White "Nehasanvi, Chitalangi"]
[Black "Praveen, Prasad P"]
[Result "0-1"]
[WhiteElo "1094"]
[BlackElo "2154"]
[PlyCount "86"]
[EventDate "2023.07.21"]
[EventType "swiss"]
[EventRounds "9"]
[EventCountry "IND"]
[SourceTitle "CBM 215 Extra"]
[Source "ChessBase"]
[SourceDate "2023.09.30"]
[SourceVersion "1"]
[SourceVersionDate "2023.09.30"]
[SourceQuality "1"]

1. e4 a6 2. Nf3 c5 3. Nc3 b5 4. a3 Bb7 5. d3 Nc6 6. Be3 d6 7. Be2 g6 8. d4 cxd4 9. Nxd4 Bg7 10. Nxc6 Bxc6 11. Bf3 Rc8 12. Qd3 Nf6 13. Bd4 0-0 14. 0-0 Qc7 15. Rfe1 Rfd8 16. Qe3 Qb7 17. Rad1 e5 18. Bb6 Rd7 19. Ba5 h6 20. Bb4 d5 21. exd5 Nxd5 22. Nxd5 Bxd5 23. Bxd5 Rxd5 24. Qf3 Rcd8 25. Rd3 Kh7 26. h3 f5 27. Rxd5 Rxd5 28. c3 Qd7 29. b3 e4 30. Qe3 Qc7 31. Rc1 Rd3 32. Qe1 a5 33. c4 axb4 34. cxb5 Rc3 35. Rb1 bxa3 36. Qd2 Rc2 37. Qb4 a2 38. Rf1 Rc1 39. b6 Rxf1+ 40. Kxf1 a1Q+ 41. Ke2 Qc2+ 42. Ke3 Qac1+ 43. Qd2 Q1xd2# 0-1